000 00694nam a2200229Ia 4500
005 20221208113207.0
008 140110s9999 xx 000 0 und d
020 _a9788173048005
_cRs.725.00
040 _aLoreto College
041 _aEnglish
082 _a954.02
_bIRA
100 _aIraqi,Shahabuddin
245 _aBhakti movement in medieval Bengal
_bSocial and political perspectives
_cShahabuddin Iraqi
260 _aNew Delhi
_bManohar Publishers
_c2009
300 _a289p
504 _aIncludes bibliographical references and index
630 _aMedieval history-India
650 _aBhakti movement-History
651 _aIndia-Medieval history
850 _aLCLIB
942 _cBK
999 _c36549
_d87028